[Event "East Detroit (MCO/1/32)"]
[Site "?"]
[Date "1984.??.??"]
[Round "?"]
[White "Yee, T.."]
[Black "Sacco, G.."]
[Result "0-1"]
[WhiteElo "1605"]
[BlackElo "1775"]
[PlyCount "112"]
[EventDate "1984.??.??"]

{1/(32)} 1. d4 Nf6 2. Nc3 g6 3. Bg5 Bg7 4. e4 d6 5. Bb5+ Bd7 6. Qf3 Nc6 7. Nge2
O-O 8. h3 h6 9. Bh4 Nb4 10. Bd3 Nxd3+ 11. Qxd3 c5 12. e5 Bf5 13. Qf3 dxe5 14.
dxe5 Nd7 15. Rd1 Qa5 16. O-O Nxe5 17. Qxb7 Rab8 18. Qxe7 Rfe8 19. Qd6 g5 20.
Bxg5 hxg5 21. Qd2 Bxh3 22. Kh1 Be6 23. Qxg5 Ng6 24. f4 Bc4 25. f5 Bxe2 26. Nxe2
Rxe2 27. fxg6 fxg6 28. Qxg6 Re7 29. Rd5 Rf8 30. Rxf8+ Kxf8 31. Rf5+ Kg8 32. Qg3
Qe1+ 33. Kh2 Qxg3+ 34. Kxg3 Re5 35. Rf4 Re2 36. Rc4 Bd4 37. b4 Re4 38. Kf3 Re5
39. a4 Kf7 40. Kf4 Ke6 41. bxc5 Kd5 42. Rb4 Bxc5 43. c4+ Kd4 44. Rb5 Bd6 45.
Kf3 Kxc4 46. Rb7 Ra5 47. Rg7 Rxa4 48. Rg4+ Kb3 49. Rg6 Rd4 50. g4 a5 51. Ke3
Bc5 52. Rg5 Rd5+ 53. Kf4 Be3+ 54. Kxe3 Rxg5 55. Kf4 Rxg4+ 56. Kxg4 a4 0-1

[Event "East Detroit (MCO/3/43)"]
[Site "?"]
[Date "1984.??.??"]
[Round "?"]
[White "Yee, T.."]
[Black "Kellogg, S.."]
[Result "1-0"]
[WhiteElo "1605"]
[BlackElo "1605"]
[PlyCount "141"]
[EventDate "1984.??.??"]

{3/(43)} 1. d4 f5 2. Nc3 Nf6 3. Bg5 e6 4. e4 Be7 5. e5 Ne4 6. Bxe7 Qxe7 7. Qh5+
g6 8. Qh6 Ng5 9. Nh3 Nf7 10. Qg7 Qf8 11. Qf6 Nc6 12. a3 Nxd4 13. Bd3 a6 14.
O-O-O Nc6 15. f4 Qe7 16. Ng5 Qxf6 17. exf6 h6 18. Nf3 O-O 19. Rdg1 Nd6 20. g4
Rxf6 21. g5 Rf7 22. gxh6 Kh7 23. Ng5+ Kxh6 24. Nxf7+ Nxf7 25. h4 Kg7 26. h5 Ne7
27. Rh2 Nh8 28. Rgh1 b6 29. hxg6 Nhxg6 30. Rh7+ Kf6 31. Ne2 Bb7 32. Rf1 Bc6 33.
Ng3 e5 34. fxe5+ Nxe5 35. Nxf5 Nxd3+ 36. cxd3 Nxf5 37. Rh5 Bb5 38. Rfxf5+ Ke6
39. Re5+ Kd6 40. d4 Kc6 41. Re7 Kd6 42. Ree5 Kc6 43. Rh7 Bd3 44. d5+ Kd6 45.
Reh5 a5 46. Rg5 c5 47. Rh6+ Kc7 48. Rg7 Be4 49. Rc6+ Kb7 50. Rxd7+ Ka6 51. a4
Bf5 52. Rdd6 Rb8 53. Rxc5 Ka7 54. Rc7+ Ka8 55. Rf6 Rc8 56. d6 Bg4 57. Kd2 Rd8
58. Rg7 Bd7 59. b3 b5 60. axb5 Bxb5 61. Rg5 Bc6 62. Rxa5+ Kb7 63. Kc3 Kb6 64.
b4 Bd7 65. Kc4 Rc8+ 66. Rc5 Bb5+ 67. Kd4 Rxc5 68. bxc5+ Kc6 69. Rf7 Ba4 70.
Rc7+ Kb5 71. d7 1-0

[Event "Plymouth (MI Op/6/28)"]
[Site "?"]
[Date "1984.??.??"]
[Round "?"]
[White "Yahkind, Alex"]
[Black "Moore, Robert"]
[Result "1-0"]
[WhiteElo "1950"]
[BlackElo "1750"]
[PlyCount "105"]
[EventDate "1984.??.??"]

{6/(28)} 1. e4 c5 2. Nf3 d6 3. d4 cxd4 4. Nxd4 Nf6 5. Nc3 a6 6. Bc4 e6 7. Bb3
Be7 8. O-O O-O 9. Be3 b5 10. f3 Bb7 11. a4 Nc6 12. axb5 Nxd4 13. Bxd4 axb5 14.
Nxb5 Rxa1 15. Qxa1 Qd7 16. Nc3 Ra8 17. Qd1 Ba6 18. Re1 Qc7 19. Qd2 Bc4 20. Bxc4
Qxc4 21. Qd3 Qxd3 22. cxd3 Rb8 23. Re2 Rb3 24. Kf2 Nd7 25. Rc2 f6 26. Ke2 Ne5
27. Be3 Nc6 28. Nd1 Ne5 29. Nf2 Kf7 30. d4 Nd7 31. Nd3 Bd8 32. Rc3 Rxc3 33.
bxc3 Ba5 34. Bd2 Nb6 35. Nb2 d5 36. exd5 exd5 37. Kd3 Ke6 38. g4 g5 39. Be1 f5
40. gxf5+ Kxf5 41. Bg3 g4 42. fxg4+ Kxg4 43. c4 Nxc4 44. Nxc4 dxc4+ 45. Kxc4
Kf5 46. Kc5 Ke6 47. Kc6 Bc3 48. d5+ Kf7 49. d6 Bf6 50. Kc7 Bc3 51. d7 Ba5+ 52.
Kc8 Ke7 53. Bc7 1-0

[Event "Plymouth (MI Op/2/28)"]
[Site "?"]
[Date "1984.??.??"]
[Round "?"]
[White "Yahkind, Alex"]
[Black "Haakonstad, Olaf"]
[Result "1-0"]
[WhiteElo "1950"]
[BlackElo "1635"]
[PlyCount "43"]
[EventDate "1984.??.??"]

{2/(28)} 1. e4 c5 2. Nf3 e6 3. d4 cxd4 4. Nxd4 a6 5. Be2 Nf6 6. Nc3 Bb4 7. f3
Qc7 8. O-O Bxc3 9. bxc3 Qxc3 10. Bg5 Nc6 11. Nxc6 Qxc6 12. Qd4 Qxc2 13. Bc4 d5
14. exd5 Qf5 15. Bh4 e5 16. Rfe1 Nd7 17. f4 Qg4 18. Rxe5+ Nxe5 19. Qxe5+ Be6
20. dxe6 Qxh4 21. exf7+ Kf8 22. Re1 1-0

[Event "Plymouth (MI Op/4/30)"]
[Site "?"]
[Date "1984.??.??"]
[Round "?"]
[White "Yahkind, Alex"]
[Black "Frawley, Ed"]
[Result "1-0"]
[WhiteElo "1950"]
[BlackElo "1670"]
[PlyCount "145"]
[EventDate "1984.??.??"]

{4/(30)} 1. e4 c5 2. Nf3 Nc6 3. d4 cxd4 4. Nxd4 Nf6 5. Nc3 a6 6. Nxc6 bxc6 7.
e5 Nd5 8. Nxd5 cxd5 9. Qxd5 Rb8 10. Bc4 e6 11. Qd4 Qc7 12. O-O Bc5 13. Qg4 O-O
14. Qg3 Bd4 15. Bd3 Bxe5 16. Qh3 f5 17. c3 Rf6 18. Be2 Bb7 19. f4 Bd6 20. Kh1
Rbf8 21. Bf3 Rh6 22. Qg3 Be7 23. Bxb7 Qxb7 24. Qf3 Qc7 25. Be3 g5 26. g3 g4 27.
Qg2 Rh3 28. Bd4 Rh6 29. Rad1 Bf6 30. Rf2 Rg6 31. Rfd2 d5 32. Qe2 Qc6 33. Re1
Bxd4 34. Rxd4 h5 35. Kg2 Rb8 36. Red1 Rb6 37. R1d2 Kf7 38. Kf2 Rb7 39. Qe3 Rg8
40. c4 Rd7 41. cxd5 Rxd5 42. Rxd5 exd5 43. Qe5 Qc5+ 44. Kg2 Re8 45. Qxf5+ Kg7
46. Qxh5 Qe3 47. Qxg4+ Kf7 48. Qf5+ Kg7 49. Qxd5 Qe1 50. Qd4+ Kf7 51. Qf2 Qe4+
52. Qf3 Qe1 53. Rd7+ Kf8 54. Qa3+ Kg8 55. Qb3+ Kh8 56. Qc3+ Qxc3 57. bxc3 Re2+
58. Kf3 Rxh2 59. a4 Rh5 60. Ke4 Rc5 61. Kd3 Rc6 62. g4 Kg8 63. Kd4 Kf8 64. c4
Ke8 65. Rh7 Rd6+ 66. Ke5 Rd1 67. g5 Re1+ 68. Kf6 Rd1 69. Re7+ Kf8 70. g6 Rd6+
71. Re6 Rd7 72. g7+ Rxg7 73. Re8+ 1-0

[Event "Plymouth (MI Op/2/45)"]
[Site "?"]
[Date "1984.??.??"]
[Round "?"]
[White "Wynn, M.."]
[Black "Sveen, L.."]
[Result "0-1"]
[WhiteElo "1635"]
[BlackElo "1830"]
[PlyCount "82"]
[EventDate "1984.??.??"]

{2/(45)} 1. d4 Nf6 2. c4 e5 3. dxe5 Ng4 4. Nf3 Bc5 5. e3 Nc6 6. Be2 Ngxe5 7.
Nbd2 d6 8. h3 Bf5 9. O-O Qf6 10. a3 O-O 11. e4 Nxf3+ 12. Bxf3 Be6 13. Qc2 Ne5
14. Rb1 a5 15. Qc3 Nxf3+ 16. Nxf3 Qxc3 17. bxc3 Bxc4 18. Re1 b6 19. e5 Rfe8 20.
Bb2 Bd5 21. exd6 cxd6 22. Rxe8+ Rxe8 23. Re1 Rxe1+ 24. Nxe1 Be4 25. Kf1 Kf8 26.
Ke2 Ke7 27. g3 Ke6 28. Nd3 Bxd3+ 29. Kxd3 Bxf2 30. c4 Bxg3 31. Bxg7 d5 32.
cxd5+ Kxd5 33. a4 Be5 34. Bf8 f5 35. Ba3 Kc6 36. Bc1 b5 37. axb5+ Kxb5 38. Ke3
Kc4 39. Kf3 Kb3 40. Bg5 a4 41. Be7 a3 0-1

[Event "Plymouth (MI Op/4/80)"]
[Site "?"]
[Date "1984.??.??"]
[Round "?"]
[White "Wynn, M.."]
[Black "Robinson, S.."]
[Result "1-0"]
[WhiteElo "1635"]
[BlackElo "1605"]
[PlyCount "25"]
[EventDate "1984.??.??"]

{4/(80)} 1. d4 d5 2. c4 c6 3. Nc3 e6 4. Bf4 Nd7 5. e3 b6 6. Nf3 Ba6 7. Qa4 Bb7
8. Ne5 Nxe5 9. Bxe5 dxc4 10. Bxc4 b5 11. Nxb5 cxb5 12. Bxb5+ Ke7 13. Qb4+ 1-0

[Event "Plymouth (MI Op/7/39)"]
[Site "?"]
[Date "1984.??.??"]
[Round "?"]
[White "Wynn, M.."]
[Black "Key_Smith, G.."]
[Result "0-1"]
[WhiteElo "1635"]
[BlackElo "1805"]
[PlyCount "50"]
[EventDate "1984.??.??"]

{7/(39)} 1. d4 Nf6 2. e3 g6 3. Be2 Bg7 4. f4 d6 5. Nc3 e5 6. Nf3 Nc6 7. a3 O-O
8. d5 Ne7 9. e4 Ng4 10. h3 Nh6 11. O-O f5 12. fxe5 fxe4 13. Nxe4 dxe5 14. Nxe5
Nhf5 15. Bc4 Bxe5 16. d6+ Kh8 17. dxe7 Qxe7 18. Bg5 Qg7 19. c3 Bd7 20. g4 Nd6
21. Qd5 Bc6 22. Qe6 Nxe4 23. Bh6 Bd4+ 24. cxd4 Qxd4+ 25. Kh2 Rf2+ 0-1

[Event "Plymouth (MI Op/6/40)"]
[Site "?"]
[Date "1984.??.??"]
[Round "?"]
[White "Wynn, M.."]
[Black "Bolda, Dan H"]
[Result "1/2-1/2"]
[WhiteElo "1635"]
[BlackElo "1895"]
[PlyCount "97"]
[EventDate "1984.??.??"]

{6/(40)} 1. d4 Nf6 2. e3 g6 3. Bd3 Bg7 4. f4 c5 5. Nf3 d5 6. c3 c4 7. Bc2 Nc6
8. Nbd2 O-O 9. b3 b5 10. a4 b4 11. Bb2 Rb8 12. bxc4 bxc3 13. Bxc3 Ng4 14. Qe2
Ba6 15. h3 Nf6 16. O-O dxc4 17. e4 Nh5 18. Qe3 Nb4 19. Bxb4 Rxb4 20. Rfb1 Rxb1+
21. Rxb1 Qc7 22. e5 Ng3 23. Nh4 c3 24. Nb3 Ne2+ 25. Kh2 Qc4 26. Nf3 Bh6 27. g3
Rb8 28. Rd1 Nxf4 29. gxf4 Bxf4+ 30. Qxf4 Qe2+ 31. Kg3 Qxc2 32. Ng5 Qxb3 33. Rb1
c2+ 34. Rxb3 Rxb3+ 35. Kh4 Bc4 36. e6 f6 37. d5 Bxd5 38. Qc7 fxg5+ 39. Kxg5
Bxe6 40. Qxc2 Rxh3 41. Qc7 Kf7 42. Qf4+ Bf5 43. Qc4+ Ke8 44. Qg8+ Kd7 45. Qd5+
Kc7 46. Qc5+ Kd8 47. Qd5+ Bd7 48. Qa8+ Bc8 49. Qd5+ 1/2-1/2

[Event "Plymouth (MI Op/2/7)"]
[Site "?"]
[Date "1984.??.??"]
[Round "?"]
[White "Wygrecki, J.."]
[Black "Forte, Joe"]
[Result "1-0"]
[WhiteElo "2135"]
[BlackElo "2020"]
[PlyCount "95"]
[EventDate "1984.??.??"]

{2/(7)} 1. e4 c5 2. d4 cxd4 3. c3 d3 4. Bxd3 Nc6 5. f4 d6 6. Nf3 Nf6 7. O-O g6
8. Bc4 Na5 9. e5 Ng4 10. Bd5 e6 11. Be4 d5 12. Bd3 Nc6 13. Nd4 Qh4 14. h3 h5
15. Nd2 Bc5 16. N2f3 Qe7 17. Bb5 Nh6 18. Be3 Bd7 19. Bf2 Nxd4 20. Bxd7+ Qxd7
21. Nxd4 Nf5 22. Kh2 Be7 23. Qb3 Nxd4 24. Bxd4 b5 25. a4 bxa4 26. Qxa4 a6 27.
b4 Qxa4 28. Rxa4 Kd7 29. Rfa1 Rhb8 30. Rxa6 Rxa6 31. Rxa6 Rb7 32. Kg3 g5 33.
Kf3 Rc7 34. fxg5 Bxg5 35. g4 h4 36. Ke2 Ke7 37. b5 Kd7 38. Kd3 Bf4 39. Ra8 Rc8
40. Ra7+ Ke8 41. b6 f6 42. exf6 e5 43. Re7+ Kf8 44. Bxe5 Bxe5 45. Rxe5 Kf7 46.
Rg5 Rb8 47. Rg7+ Kf8 48. b7 1-0

[Event "Plymouth (MI Op/6/6)"]
[Site "?"]
[Date "1984.??.??"]
[Round "?"]
[White "Wygrecki, J.."]
[Black "Bohley, D.."]
[Result "1/2-1/2"]
[WhiteElo "2135"]
[BlackElo "2020"]
[PlyCount "120"]
[EventDate "1984.??.??"]

{6/(6)} 1. e4 d6 2. d4 Nf6 3. Nc3 Nc6 4. d5 Nb8 5. Bg5 g6 6. Qd2 Bg7 7. Bh6 O-O
8. Be2 a6 9. h4 e5 10. h5 Qe7 11. O-O-O b5 12. a3 Nbd7 13. Bxg7 Kxg7 14. g4 Nc5
15. f3 Bb7 16. Nh3 Rh8 17. h6+ Kf8 18. Rhf1 Ke8 19. b4 Na4 20. Nxa4 bxa4 21. c4
Nd7 22. Nf2 a5 23. Nd3 axb4 24. Nxb4 Nc5 25. Kc2 Nb3 26. Qe3 g5 27. Kb2 f6 28.
Nc2 Kf7 29. Ka2 Rhb8 30. Rb1 Bc8 31. Bd1 Bd7 32. Qc3 Qd8 33. Nb4 Nc5 34. Bc2
Qe8 35. Nd3 Nxd3 36. Bxd3 Rxb1 37. Rxb1 Rb8 38. c5 Rxb1 39. Bxb1 Qb8 40. c6 Bc8
41. Bc2 Qb5 42. Qb4 Qe2 43. Qxa4 Ba6 44. Ka1 Kg6 45. Qb3 Kxh6 46. Kb1 Qf1+ 47.
Kb2 Qe2 48. a4 Kg6 49. Kc1 Qf1+ 50. Kb2 Qe2 51. Ka3 Qd2 52. Ka2 Qe2 53. Qc3 h5
54. gxh5+ Kxh5 55. Kb3 Kh4 56. Kb4 Kg3 57. Ka5 Bc4 58. Kb4 Ba6 59. Ka5 Bc4 60.
Kb4 Ba6 1/2-1/2

[Event "Plymouth (MI Op/4/2)"]
[Site "?"]
[Date "1984.??.??"]
[Round "?"]
[White "Wygrecki, J.."]
[Black "Arganian, David G"]
[Result "1-0"]
[WhiteElo "2135"]
[BlackElo "2050"]
[PlyCount "83"]
[EventDate "1984.??.??"]

{4/(2)} 1. e4 c6 2. d4 d5 3. exd5 cxd5 4. Bd3 Nc6 5. Ne2 Nb4 6. Bb5+ Bd7 7.
Bxd7+ Qxd7 8. a3 Nc6 9. Nbc3 Nf6 10. Bf4 e6 11. Qd3 Be7 12. O-O O-O 13. Na4
Rfe8 14. Nec3 Nh5 15. Be3 Rad8 16. Rfd1 Nf6 17. Bf4 Nh5 18. Be3 Nf6 19. Qb5 Qc7
20. g3 Bd6 21. Nc5 Nd7 22. Qxb7 Nxc5 23. Qxc7 Bxc7 24. dxc5 d4 25. Nb5 dxe3 26.
Nxc7 Rxd1+ 27. Rxd1 e2 28. Re1 Nd4 29. Kg2 Rc8 30. c3 Nc2 31. Rxe2 Nxa3 32. Na6
Nb5 33. Rd2 Kf8 34. Rd7 Rc6 35. c4 Rxa6 36. cxb5 Ra5 37. c6 Ke8 38. Rb7 Kd8 39.
b4 Ra4 40. Rxf7 Rxb4 41. Rxa7 Rxb5 42. Rxg7 1-0

[Event "Plymouth (MI Op/2/4)"]
[Site "?"]
[Date "1984.??.??"]
[Round "?"]
[White "Wolfrom, David"]
[Black "VanCamp, W.."]
[Result "1-0"]
[WhiteElo "2170"]
[BlackElo "2030"]
[PlyCount "103"]
[EventDate "1984.??.??"]

{2/(4)} 1. d4 Nf6 2. c4 e6 3. Nf3 b6 4. g3 Bb7 5. Bg2 Be7 6. O-O O-O 7. Qc2 c5
8. dxc5 bxc5 9. Rd1 Qb6 10. Nc3 d5 11. cxd5 exd5 12. Ng5 h6 13. Nxd5 Bxd5 14.
Bxd5 Nc6 15. Bxc6 Qxc6 16. Nf3 Rab8 17. b3 Rfc8 18. Bb2 Qe6 19. Rac1 Nd5 20.
Qc4 Rd8 21. e4 Nf4 22. Qxe6 Rxd1+ 23. Rxd1 Nxe6 24. Rd7 Bf8 25. Ne5 Ng5 26.
Rxa7 f6 27. Nd7 Re8 28. Nxf8 Kxf8 29. Ba3 Nxe4 30. f3 Nc3 31. Bxc5+ Kg8 32. a4
Re1+ 33. Kg2 Re2+ 34. Kh3 Rc2 35. b4 Ne2 36. Kg4 g6 37. f4 f5+ 38. Kh3 Nc3 39.
a5 Ne4 40. Ra8+ Kf7 41. Rf8+ Ke6 42. Re8+ Kd7 43. Re5 Nf6 44. Re7+ Kd8 45. Rg7
Ng4 46. Bg1 Rc6 47. b5 Rc1 48. Bb6+ Kc8 49. a6 Rh1 50. Bg1 Rxg1 51. a7 Ra1 52.
b6 1-0

[Event "Plymouth (MI Op/6/4)"]
[Site "?"]
[Date "1984.??.??"]
[Round "?"]
[White "Wolfrom, David"]
[Black "Kraft, C.."]
[Result "1/2-1/2"]
[WhiteElo "2170"]
[BlackElo "2100"]
[PlyCount "59"]
[EventDate "1984.??.??"]

{6/(4)} 1. d4 Nf6 2. c4 g6 3. Nc3 Bg7 4. e4 d6 5. f3 O-O 6. Be3 c6 7. Bd3 a6 8.
a4 a5 9. Qd2 e5 10. Nge2 Na6 11. Rd1 Qc7 12. O-O Be6 13. d5 Bd7 14. h3 cxd5 15.
cxd5 Nc5 16. Bb5 b6 17. Bxd7 Qxd7 18. Bxc5 bxc5 19. Nb5 Nh5 20. Nec3 f5 21. Na3
Bf6 22. Ncb5 Qd8 23. Nc4 Bg5 24. Qc2 Ra6 25. Rd3 Bf4 26. Nc3 Qh4 27. Qf2 Bg3
28. Qc2 Bf4 29. Qf2 Bg3 30. Qc2 1/2-1/2

[Event "Plymouth (MI Op/4/5)"]
[Site "?"]
[Date "1984.??.??"]
[Round "?"]
[White "Wolfrom, David"]
[Black "Haluska, James"]
[Result "1-0"]
[WhiteElo "2170"]
[BlackElo "1995"]
[PlyCount "81"]
[EventDate "1984.??.??"]

{4/(5)} 1. d4 Nf6 2. c4 g6 3. Nc3 Bg7 4. e4 O-O 5. Be2 d6 6. Bg5 h6 7. Be3 c6
8. Qd2 Ng4 9. Bxg4 Bxg4 10. Bxh6 Qb6 11. Be3 Qa6 12. b3 Qa5 13. Nge2 b5 14. f3
Be6 15. cxb5 cxb5 16. O-O b4 17. Na4 Na6 18. Nf4 Bd7 19. Nb2 e6 20. Nc4 Qc7 21.
Rac1 Bb5 22. Rc2 d5 23. exd5 exd5 24. Nxd5 Qd7 25. Nxb4 Nxb4 26. Qxb4 Rfe8 27.
Bf2 Bxd4 28. Qd2 Bxf2+ 29. Qxf2 Bxc4 30. Rxc4 Rad8 31. h3 Re5 32. Qb2 Qe7 33.
Re4 Qc5+ 34. Qf2 Qxf2+ 35. Rxf2 Ra5 36. Rc2 Kg7 37. Re7 Rd1+ 38. Kh2 Ra1 39. a4
Rb1 40. Rcc7 Rxb3 41. Rxf7+ 1-0

[Event "East Detroit (MCO/4/20)"]
[Site "?"]
[Date "1984.??.??"]
[Round "?"]
[White "Winfield, J.."]
[Black "Moody, David"]
[Result "0-1"]
[WhiteElo "1680"]
[BlackElo "1955"]
[PlyCount "44"]
[EventDate "1984.??.??"]

{4/(20)} 1. e4 e5 2. Nf3 Nc6 3. Bb5 a6 4. Bxc6 dxc6 5. O-O Qd6 6. d4 exd4 7.
Qxd4 Qxd4 8. Nxd4 g6 9. f4 Bc5 10. c3 Nf6 11. Nd2 Bg4 12. h3 Be2 13. Re1 Bd3
14. e5 Nd5 15. N2f3 O-O-O 16. Kh1 Rhe8 17. Ng5 Bxd4 18. Nxf7 Rd7 19. e6 Rxf7
20. exf7 Rxe1+ 21. Kh2 Bc5 22. f5 gxf5 0-1

[Event "East Detroit (MCO/2/16)"]
[Site "?"]
[Date "1984.??.??"]
[Round "?"]
[White "Winfield, J.."]
[Black "Bohley, D.."]
[Result "0-1"]
[WhiteElo "1680"]
[BlackElo "2020"]
[PlyCount "80"]
[EventDate "1984.??.??"]

{2/(16)} 1. e4 Nc6 2. Nf3 d5 3. e5 Bf5 4. Bb5 e6 5. d4 a6 6. Bxc6+ bxc6 7. O-O
c5 8. Nbd2 cxd4 9. Nxd4 Ne7 10. c3 Qd7 11. N2b3 Qa4 12. Qh5 Bg6 13. Qh3 Nf5 14.
Bg5 c5 15. Ne2 h6 16. Be3 Nxe3 17. Qxe3 Qe4 18. Ng3 Qxe3 19. fxe3 Rb8 20. Rf2
Be7 21. Na5 Rb5 22. Nc6 Bg5 23. Nf1 Kd7 24. a4 Rb6 25. Na5 Rhb8 26. b3 f6 27.
Rd2 Ke8 28. exf6 Bxf6 29. Rc1 Bg5 30. g3 Rc8 31. h4 Bd8 32. b4 cxb4 33. c4 Rbb8
34. Nb3 dxc4 35. Nd4 Ke7 36. e4 b3 37. Ne3 b2 38. Rb1 c3 39. Ndf5+ exf5 40.
Nxf5+ Bxf5 0-1

[Event "East Detroit (MCO/4/38)"]
[Site "?"]
[Date "1984.??.??"]
[Round "?"]
[White "Williams, C.."]
[Black "Charison, M.."]
[Result "0-1"]
[WhiteElo "1605"]
[BlackElo "1605"]
[PlyCount "106"]
[EventDate "1984.??.??"]

{4/(38)} 1. e4 c6 2. Nc3 d5 3. d4 dxe4 4. Nxe4 Nd7 5. Nf3 Ngf6 6. Bd3 Nxe4 7.
Bxe4 Nf6 8. Bd3 Bg4 9. Be3 e6 10. h3 Bh5 11. g4 Bg6 12. Bxg6 hxg6 13. Qd3 Nd5
14. Bd2 Bd6 15. Ne5 Qf6 16. g5 Qe7 17. h4 Qc7 18. c3 Bxe5 19. dxe5 Qxe5+ 20.
Be3 O-O-O 21. O-O-O Nxe3 22. Qxe3 Qxe3+ 23. fxe3 Rxd1+ 24. Kxd1 f6 25. Rf1 Rf8
26. e4 Kd7 27. e5 f5 28. Kd2 c5 29. c4 Kc6 30. Rf3 Rd8+ 31. Rd3 Rd4 32. Kc3
Rxd3+ 33. Kxd3 b5 34. b3 Kb6 35. cxb5 Kxb5 36. Kc3 Kc6 37. Kc4 f4 38. Kd3 Kd5
39. Ke2 Kxe5 40. Kf3 Kf5 41. a4 e5 42. a5 e4+ 43. Ke2 Kg4 44. a6 Kg3 45. h5
gxh5 46. g6 Kg2 47. Kd2 h4 48. Kc3 h3 49. Kc4 h2 50. Kxc5 h1=Q 51. Kd5 Kf3 52.
Ke6 e3 53. Kf7 Qh8 0-1

[Event "East Detroit (MCO/2/20)"]
[Site "?"]
[Date "1984.??.??"]
[Round "?"]
[White "Williams, C.."]
[Black "Brattin, Vincent"]
[Result "0-1"]
[WhiteElo "1605"]
[BlackElo "1965"]
[PlyCount "52"]
[EventDate "1984.??.??"]

{2/(20)} 1. e4 e5 2. Nf3 Nc6 3. Bb5 Nd4 4. Nxd4 exd4 5. b3 Qg5 6. Bf1 Bc5 7. d3
Qg6 8. Bb2 d6 9. Nd2 Ne7 10. h3 O-O 11. a3 f5 12. Qe2 Nc6 13. O-O-O Be6 14. Kb1
a5 15. c4 dxc3 16. Bxc3 Bxa3 17. d4 fxe4 18. Nxe4 Bxb3 19. Rd2 Rfe8 20. f3 d5
21. Qb5 Nb4 22. Bd3 dxe4 23. Bxe4 Rxe4 24. fxe4 Qxe4+ 25. Ka1 Nc2+ 26. Rxc2
Qxc2 0-1

[Event "East Detroit (MCO/2/36)"]
[Site "?"]
[Date "1984.??.??"]
[Round "?"]
[White "White, B.."]
[Black "Watson, Terry"]
[Result "1/2-1/2"]
[WhiteElo "1605"]
[BlackElo "1660"]
[PlyCount "66"]
[EventDate "1984.??.??"]

{2/(36)} 1. f4 d5 2. e3 Nf6 3. Nf3 c5 4. Be2 Nc6 5. O-O Qc7 6. d4 cxd4 7. exd4
Bf5 8. Nc3 e6 9. Ne5 Bd6 10. Nb5 Qe7 11. Nxd6+ Qxd6 12. c3 h6 13. g4 Bh7 14. g5
Ne4 15. Bh5 g6 16. gxh6 gxh5 17. Qxh5 Nxe5 18. fxe5 Rg8+ 19. Kh1 Qe7 20. Be3
Ng5 21. h3 O-O-O 22. Rf6 Be4+ 23. Kh2 Nf3+ 24. Rxf3 Bxf3 25. Qxf3 Qh4 26. Qf4
Qh5 27. Rf1 Rg6 28. Rg1 Rxg1 29. Bxg1 Rg8 30. Be3 Rh8 31. Qg4 Qf5 32. Qxf5 exf5
33. Kg3 Kd7 1/2-1/2

[Event "Plymouth (MI Op/7/56)"]
[Site "?"]
[Date "1984.??.??"]
[Round "?"]
[White "White, B.."]
[Black "Vandenburg, V.E.."]
[Result "1-0"]
[WhiteElo "1605"]
[BlackElo "1640"]
[PlyCount "56"]
[EventDate "1984.??.??"]

{7/(56)} 1. f4 b5 2. Nf3 Bb7 3. e3 a6 4. Be2 e6 5. O-O Nf6 6. Qe1 Be7 7. b3 c5
8. Bb2 Nc6 9. a3 d5 10. d4 Ne4 11. Nbd2 f5 12. Nxe4 fxe4 13. Ne5 Nxe5 14. fxe5
Bg5 15. Qg3 Qe7 16. dxc5 Qxc5 17. Qxg5 Qe7 18. Qxe7+ Kxe7 19. Bd4 Bc6 20. Rf2
Be8 21. Raf1 Bg6 22. Bc5+ Kd7 23. Rf8 h5 24. Rxa8 Rxa8 25. Rf8 Be8 26. Bxh5 Rc8
27. Bxe8+ Rxe8 28. Rxe8 Kxe8 1-0

[Event "Plymouth (MI Op/5/81)"]
[Site "?"]
[Date "1984.??.??"]
[Round "?"]
[White "White, B.."]
[Black "Short, T.."]
[Result "1-0"]
[WhiteElo "1605"]
[BlackElo "1605"]
[PlyCount "57"]
[EventDate "1984.??.??"]

{5/(81)} 1. c4 c5 2. Nc3 e6 3. g3 Nf6 4. Bg2 Be7 5. e3 O-O 6. Nge2 d6 7. O-O
Nbd7 8. b3 Nb6 9. Bb2 Rb8 10. d4 d5 11. cxd5 Nbxd5 12. Rc1 b6 13. e4 Nb4 14. a3
Nc6 15. e5 Nd5 16. dxc5 Nxe5 17. Nxd5 exd5 18. Bxe5 Rb7 19. c6 Bxa3 20. cxb7
Bxb7 21. Ra1 Re8 22. Rxa3 Rxe5 23. Nf4 Qd6 24. Rxa7 Bc6 25. Re1 Rf5 26. Bxd5
Bd7 27. Bxf7+ Rxf7 28. Qxd6 Bb5 29. Ra8+ 1-0

[Event "Plymouth (MI Op/3/56)"]
[Site "?"]
[Date "1984.??.??"]
[Round "?"]
[White "White, B.."]
[Black "Robinson, Dave"]
[Result "0-1"]
[WhiteElo "1605"]
[BlackElo "1760"]
[PlyCount "48"]
[EventDate "1984.??.??"]

{3/(56)} 1. f4 d5 2. e3 Nf6 3. Be2 Nc6 4. Nf3 Bf5 5. O-O e6 6. c3 Bd6 7. d4 h6
8. Nbd2 g5 9. Ne5 Ne4 10. Bh5 Bxe5 11. fxe5 Nxd2 12. Bxd2 Rg8 13. g4 Bg6 14.
Qf3 Bxh5 15. gxh5 Qe7 16. Qg4 O-O-O 17. Rf6 Rh8 18. Raf1 Rdf8 19. e4 dxe4 20.
Qxe4 Qd7 21. Qg4 Nxe5 22. dxe5 Qxd2 23. Rxf7 Rxf7 24. Qxe6+ Rd7 0-1

[Event "East Detroit (MCO/5/34)"]
[Site "?"]
[Date "1984.??.??"]
[Round "?"]
[White "White, B.."]
[Black "Griffin, John"]
[Result "1-0"]
[WhiteElo "1605"]
[BlackElo "1605"]
[PlyCount "45"]
[EventDate "1984.??.??"]

{5/(34)} 1. f4 d5 2. e3 Nf6 3. Be2 c5 4. Nf3 Nbd7 5. b3 a6 6. O-O e6 7. Bb2 Ne4
8. Nc3 Ndf6 9. Nxe4 dxe4 10. Ne5 Nd7 11. Bh5 Qb6 12. Nxf7 Rg8 13. Nh6+ Kd8 14.
Nxg8 Kc7 15. Qg4 Kb8 16. Bxg7 Bxg7 17. Qxg7 Qd6 18. Rad1 Ra7 19. Ne7 Qc7 20.
Nxc8 Qxc8 21. f5 b5 22. Qg3+ Kb7 23. fxe6 1-0

[Event "East Detroit (MCO/1/26)"]
[Site "?"]
[Date "1984.??.??"]
[Round "?"]
[White "White, B.."]
[Black "Gipson, John"]
[Result "0-1"]
[WhiteElo "1605"]
[BlackElo "1920"]
[PlyCount "74"]
[EventDate "1984.??.??"]

{1/(26)} 1. f4 e6 2. e3 d5 3. Nf3 c5 4. d4 Nf6 5. Be2 Bd6 6. O-O Nc6 7. Nc3 a6
8. Ne5 cxd4 9. exd4 Qb6 10. Be3 Nxe5 11. fxe5 Bxe5 12. Na4 Qa7 13. c3 Bd6 14.
Qe1 b6 15. b3 Qc7 16. Qh4 Bd7 17. Rac1 h6 18. c4 Bxa4 19. bxa4 Qe7 20. c5 bxc5
21. dxc5 Be5 22. Bf3 Qc7 23. Bd4 Bxd4+ 24. Qxd4 O-O 25. Rb1 Rfc8 26. Rfc1 Nd7
27. c6 Qe5 28. Qd3 Nf6 29. Rb7 Rab8 30. Rxb8 Rxb8 31. Qxa6 Qe3+ 32. Kf1 Qxc1+
33. Kf2 Qb2+ 34. Kg3 Qb6 35. Be2 Ne8 36. Qb5 Nc7 37. a3 Nxb5 0-1

[Event "East Detroit (MCO/3/39)"]
[Site "?"]
[Date "1984.??.??"]
[Round "?"]
[White "Wheeler, R.."]
[Black "Morneau, F.."]
[Result "1/2-1/2"]
[WhiteElo "1605"]
[BlackElo "1660"]
[PlyCount "57"]
[EventDate "1984.??.??"]

{3/(39)} 1. d4 Nf6 2. c4 c5 3. d5 b5 4. b3 bxc4 5. bxc4 g6 6. Bb2 Bg7 7. Nd2
O-O 8. Ngf3 d6 9. e3 Qa5 10. Bd3 Nxd5 11. Bxg7 Nxe3 12. fxe3 Kxg7 13. O-O Bb7
14. Qc2 Nd7 15. Qb2+ Ne5 16. Nxe5 dxe5 17. Qxe5+ Kg8 18. Be4 Qxd2 19. Bxb7 Rab8
20. Rxf7 Rxb7 21. Rxf8+ Kxf8 22. Rf1+ Ke8 23. Qe4 Rb8 24. Qf4 Rb2 25. Qe4 Qd6
26. Qf3 Rxa2 27. Qa8+ Kd7 28. Qb7+ Ke6 29. Qe4+ 1/2-1/2

[Event "Plymouth (MI Op/7/74)"]
[Site "?"]
[Date "1984.??.??"]
[Round "?"]
[White "West, J.."]
[Black "Johnson, B.."]
[Result "1/2-1/2"]
[WhiteElo "1605"]
[BlackElo "1605"]
[PlyCount "144"]
[EventDate "1984.??.??"]

{7/(74)} 1. e4 c5 2. Nc3 d6 3. g3 Nf6 4. Bg2 Nc6 5. d3 g6 6. Be3 Bg7 7. Qd2 O-O
8. Nd5 Nxd5 9. exd5 Nd4 10. c3 Nf5 11. Nf3 Nxe3 12. fxe3 Bg4 13. O-O Qd7 14. d4
c4 15. e4 f5 16. Ng5 Bh6 17. h3 f4 18. Ne6 Bxe6 19. dxe6 Qxe6 20. e5 dxe5 21.
dxe5 Qb6+ 22. Kh1 Rad8 23. Qf2 Qe3 24. gxf4 Bxf4 25. Qxe3 Bxe3 26. Bxb7 Rd2 27.
Rxf8+ Kxf8 28. Rf1+ Kg7 29. Ba6 Rxb2 30. Bxc4 Rf2 31. Rxf2 Bxf2 32. Kg2 Bc5 33.
Kf3 g5 34. Ke4 h6 35. Kd5 Ba3 36. Bd3 Kf7 37. c4 e6+ 38. Kc6 Ke7 39. c5 Bb2 40.
Kb7 Bxe5 41. c6 Kd8 42. Bc4 a5 43. Bxe6 Bc7 44. Bg4 Bf4 45. a3 Bd6 46. Bf5 Bc7
47. a4 Bf4 48. Kb6 Bc7+ 49. Kb5 Ke7 50. Be4 Kd6 51. Bf3 Ke5 52. Kc5 Kf6 53. Kd5
Kf5 54. Be2 Kf6 55. Bg4 Bf4 56. Kc5 Bc7 57. Kb5 Ke5 58. Ka6 Kd5 59. Bf3+ Ke5
60. Kb7 Kd6 61. Be4 Bd8 62. Kc8 Bb6 63. Kb7 Bc7 64. Bd5 Bd8 65. Bf3 Bc7 66. Ka8
Bb6 67. Kb7 Bc7 68. Ka6 Ke5 69. Kb5 Kf4 70. Bg4 Ke5 71. Kc5 Bd8 72. Bf3 Bc7
1/2-1/2